Normal view
MARC view
- Bandemer, Hans , Gottwold, Siegfried
Entry Personal Name
001 - CONTROL NUMBER
- control field: 67590
003 - CONTROL NUMBER IDENTIFIER
- control field: NUST
005 - DATE AND TIME OF LATEST TRANSACTION
- control field: 20210628203844.0
008 - FIXED-LENGTH DATA ELEMENTS
- fixed length control field: 210628|| aca||aabn | a|a d
040 ## - CATALOGING SOURCE
- Original cataloging agency: NUST
- Transcribing agency: NUST
100 ## - HEADING--PERSONAL NAME
- Personal name: Bandemer, Hans , Gottwold, Siegfried
670 ## - SOURCE DATA FOUND
- Source citation: Work cat.: (NUST): Bandemer, Hans , Gottwold, Siegfried, Fuzzy sets, fuzzy logic, fuzzy methods , with applications, 1995
